000 00445nam a22001817a 4500
003 NUST - PNEC
005 20170116181001.0
008 150912b xxu||||| |||| 00| 0 eng d
020 _a0273028200
040 _cLIBRARY
082 _a004.16 HAL
100 _99536
_aHalsall, Fred
245 _aMicroprocessor fundamentals
_cFred Halsall
250 _a2nd ed.
260 _cc 1987
650 _99099
_aMicroprocessors
_xMIS
942 _2ddc
_cBK
999 _c66719
_d66719